US States by Satellite Image Snippets - Statistics

General Stats
  • This quiz has been taken 72 times
  • The average score is 13 of 16
Answer Stats
Picture Answer % Correct
Connecticut, Massachusetts, New York, Rhode Island
97%
Illinois, Indiana, Michigan, Wisconsin
97%
Idaho, Montana, Oregon, Washington
95%
Arizona, Nevada, Utah
90%
Alabama, Louisiana, Mississippi
86%
Delaware, Maryland, Virginia, West Virginia
85%
Alaska
83%
Hawaii
83%
Texas
83%
Michigan, Minnesota, Wisconsin
81%
Ohio, New York, Pennsylvania
81%
Arizona, Colorado, New Mexico, Utah
80%
California, Nevada
78%
Maine, New Hampshire
68%
Alabama, Florida, Georgia
63%
Maryland, Virginia
49%
No matching quizzes found
Score Distribution
Percent of People with Each Score
Percentile by Number Answered
Your Score History
You have not taken this quiz